EConomics and Policy Making: The Tragic Illusion (Record no. 4123)

MARC details
000 -LEADER
fixed length control field 00347nam a22001337a 4500
008 - FIXED-LENGTH DATA ELEMENTS--GENERAL INFORMATION
fixed length control field 250704b |||||||| |||| 00| 0 eng d
020 ## - INTERNATIONAL STANDARD BOOK NUMBER
ISBN 0313233136
100 ## - MAIN ENTRY--AUTHOR
Author MEETHAN, Eugene J.
245 ## - TITLE STATEMENT
Title EConomics and Policy Making: The Tragic Illusion
260 ## - PUBLICATION, DISTRIBUTION, ETC. (IMPRINT)
Place of publication U.S.A
Name of publisher Green Wood Press
Date of publication 1982
300 ## - COLLATION
Pagination 194p.
942 ## - ADDED ENTRY ELEMENTS (KOHA)
Item type Books
050 ## - LIBRARY OF CONGRESS CALL NUMBER
Classification number HD87
Item number .M44
Holdings
Source of classification or shelving scheme Not for loan Permanent location Current location Date acquired Accession No. Full call number Barcode. Koha item type
Library of Congress Classification   Samuel Ogbemudia Main Library, University of Abuja Samuel Ogbemudia Main Library, University of Abuja 07/04/2025 91-001821 HD87.M44 2025-2859 Books